000 00617nam a2200253Ia 4500
003 OSt
005 20221005131910.0
006 a|||||r|||| 00| 0
007 ta
008 221004b |||||||| |||| 00| 0 tam d
024 _a47950
037 _cTextual
040 _aCRL
_cCRL
_btam
041 _2tam
_atam
082 _aO31,1x, L2
100 _aAzhagappan Co.
_9640266
245 0 _aTalattugal ainuru
260 _c1972
300 _a232p.
_ccm.
650 _a TAMIL POETRY
650 _aTAMIL LITERATURE
942 _hO31,1x, L2
_cTEXL
_2cc
999 _c1061772
_d1061772